MARC

LEADER 00000nam0a2200000 4500
001 370338
005 20231102012254.0
035 |a (RuTPU)RU\TPU\retro\27746 
090 |a 370338 
100 |a 20220624d1978 km y0rusy50 ca 
101 0 |a rus 
102 |a RU 
105 |a a z 001zy 
200 1 |a Принципы прогнозирования свинцово-цинковых месторождений и методика составления прогнозных карт  |f под ред. П. Ф. Иванкина, Н. Н. Биндемана 
210 |a Москва  |c Недра  |d 1978 
215 |a 192 с.  |c ил. 
320 |a Библиогр.: с. 182-189 
320 |a Указатель месторождений: с. 190-191 
606 1 |a Свинцово-цинковые месторождения  |x Прогноз  |2 stltpush  |3 (RuTPU)RU\TPU\subj\54217  |9 72375 
610 1 |a прогнозирование 
610 1 |a прогнозные карты 
610 1 |a составление 
610 1 |a методика 
610 1 |a металлогенические зоны 
610 1 |a геологические методы 
610 1 |a геофизические методы 
610 1 |a геохимические методы 
610 1 |a поиски 
610 1 |a разведка 
675 |a 553.44  |v 4 
702 1 |a Иванкин  |b П. Ф.  |4 340 
702 1 |a Биндеман  |b Н. Н.  |4 340 
801 1 |a RU  |b 63413507  |c 20220624 
801 2 |a RU  |b 63413507  |c 20221214  |g RCR 
942 |c BK